[Event "15th Cesenatico Open"]
[Site "Cesenatico ITA"]
[Date "2011.09.06"]
[Round "4"]
[White "Gazzarri,A"]
[Black "Cocchi,A"]
[Result "0-1"]
[WhiteElo "2080"]
[BlackElo "2297"]

1.d4 d5 2.Nc3 e6 3.e4 Bb4 4.e5 Qd7 5.a3 Bf8 6.Bb5 c6 7.Be2 c5 8.Nf3 Nc6 9.Bf4 Nge7
10.O-O Nf5 11.dxc5 Bxc5 12.Bd3 Nfd4 13.Re1 Nxf3+ 14.Qxf3 h6 15.Rad1 Qe7 16.Na4 Bd7
17.Nxc5 Qxc5 18.Bd2 Qe7 19.Qg3 g5 20.c4 dxc4 21.Bxc4 O-O-O 22.Rc1 Kb8 23.Bb5 Ka8
24.Bxc6 Bxc6 25.Qc3 Qd7 26.Be3 Qd5 27.f3 g4 28.Rcd1 Qb5 29.f4 Bd5 30.Qc5 Qxc5
31.Bxc5 b6 32.Bb4 h5 33.Rc1 Kb7 34.Bd6 Rc8 35.Kf2 h4 36.Rxc8 Rxc8 37.Re2 Rc1
38.Be7 Bc4 39.Rd2 Rf1+ 40.Ke3 h3 41.Bg5 Bd5 42.gxh3 Rf3+ 43.Ke2 Rxh3 44.Kf1 Kc6
45.Rf2 Kc5 46.Ke1 Kc4 47.Kd2 Kb3 48.Kc1 Rd3 49.Rf1 Bf3 50.Bh4 Rd4 51.Bg3 Rc4+
52.Kb1 Rc2 53.Rf2 Be2 54.f5 Rd2  0-1

[Event "10th Izmir Open"]
[Site "Izmir TUR"]
[Date "2011.09.07"]
[Round "8"]
[White "Gokerkan,Cem Kaan"]
[Black "Gokpinar,E"]
[Result "1-0"]
[WhiteElo "1670"]
[BlackElo "2075"]

1.e4 e6 2.d4 d5 3.Nc3 Bb4 4.e5 b6 5.a3 Bf8 6.Nce2 Ba6 7.g3 c5 8.c3 Qd7 9.Bg2 Nc6
10.f4 h5 11.Nf3 Nh6 12.Be3 Be7 13.h3 Na5 14.b3 Bxe2 15.Qxe2 Nxb3 16.Rb1 c4
17.Nd2 Nxd2 18.Bxd2 Nf5 19.Qf3 g6 20.Bf1 Rc8 21.Rg1 Qa4 22.Be2 Qxa3 23.Kf2 Qa4
24.Ra1 Qd7 25.Rgb1 Kf8 26.g4 hxg4 27.hxg4 Nh4 28.Qg3 Kg7 29.Rh1 Rh7 30.Rh3 Rch8
31.Rah1 a5 32.Qg1 b5 33.R1h2 g5 34.fxg5 Ng6 35.Rh5 Qe8 36.Qh1 Qg8 37.Qb1 Qb8
38.Qh1 Qg8 39.Qb1 b4 40.cxb4 axb4 41.Bxb4 Qb8 42.Rxh7+ Rxh7 43.Rxh7+ Kxh7
44.Qh1+ Kg8 45.Bd2 Qb2 46.Be3 Nxe5 47.dxe5 d4 48.Bc1 Qa2 49.g6 fxg6 50.Qe4 Bc5
51.Qxg6+ Kh8 52.Qh6+ Kg8 53.Qxe6+ Kh8 54.Qc8+ Kh7 55.Qxc5 d3 56.Qe7+ Kh8
57.Qf6+ Kh7 58.Qf5+ Kh8 59.Qe4  1-0

[Event "TCh-POL 1st League"]
[Site "Mrzezyno POL"]
[Date "2011.09.10"]
[Round "8"]
[White "Tazbir,M"]
[Black "Nguyen,P"]
[Result "1-0"]
[WhiteElo "2520"]
[BlackElo "2368"]

1.e4 e6 2.d4 d5 3.Nc3 Bb4 4.e5 Ne7 5.a3 Bxc3+ 6.bxc3 c5 7.h4 Nbc6 8.h5 Qa5
9.Bd2 Bd7 10.Nf3 h6 11.a4 O-O-O 12.Qb1 f6 13.Qb5 c4 14.Qxa5 Nxa5 15.exf6 gxf6
16.Bf4 Be8 17.g4 Kd7 18.Bh3 Nc8 19.Nh4 Nc6 20.Kd2 Nd6 21.f3 Bf7 22.Rae1 a6
23.Rb1 e5 24.Bxh6 Rxh6 25.g5+ Be6 26.gxh6 Bxh3 27.Rxh3 Rh8 28.dxe5 fxe5 29.Rg3 Rxh6
30.Rg7+ Kc8 31.Rg5 Nf7 32.Nf5 Rf6 33.Rg8+ Ncd8 34.Ne7+ Kd7 35.Ng6 Rxf3 36.Rh1 Rf2+
37.Kc1 d4 38.cxd4 exd4 39.h6 Ne6 40.Nf8+ Nxf8 41.Rxf8  1-0

[Event "ch-Euro Youth g18"]
[Site "Albena BUL"]
[Date "2011.09.13"]
[Round "3.7"]
[White "Bezkorovaina,M"]
[Black "Varga,Kl"]
[Result "1/2-1/2"]
[WhiteElo "2023"]
[BlackElo "2183"]

1.e4 e6 2.d4 d5 3.Nc3 Bb4 4.e5 Ne7 5.Qg4 Nf5 6.Nf3 c5 7.Bd3 h5 8.Qf4 Nxd4
9.Nxd4 cxd4 10.Qxd4 Qa5 11.Bd2 Nc6 12.Bb5 Bxc3 13.Bxc6+ bxc6 14.Bxc3 Qb6
15.b4 Qxd4 16.Bxd4 a5 17.a3 Kd7 18.O-O Ba6 19.Rfe1 axb4 20.axb4 Bb5 21.Ra7+ Rxa7
22.Bxa7 Ba4 23.Rc1 Ra8 24.Bd4 Bb5 25.Ra1 Rxa1+ 26.Bxa1 Ba4 27.c3 c5 28.bxc5 Kc6
29.Kf1 Kxc5 30.Ke2 Kc4 31.Kd2 Kb3 32.Kc1 h4 33.Bb2 Bb5 34.c4 dxc4 35.Bd4 c3
36.Bc5 Bf1 37.g3 h3 38.Bf8 g5 39.g4 Kc4 40.Be7 Kd4 41.Bxg5 Kxe5 42.f4+ Ke4
43.Kc2 Kf3 44.f5 e5 45.Bf6 e4 46.g5 e3 47.Bxc3 Bc4 48.Kd1 Kf2 49.Be1+ Kf1
50.Bg3 Be2+ 51.Kc1 Bd3 52.g6 fxg6 53.fxg6 Bxg6 54.Kd1 Be8 55.Kc1 Ba4 56.Bh4 Ke2
57.Bg3 Kf1 58.Bh4 Kg2 59.Bg3 Bb3 60.Bf4 Kf3  1/2-1/2

[Event "ch-Euro Youth g18"]
[Site "Albena BUL"]
[Date "2011.09.13"]
[Round "3.17"]
[White "Byrka,J"]
[Black "Collado Barbas,L"]
[Result "1/2-1/2"]
[WhiteElo "1925"]
[BlackElo "2057"]

1.e4 e6 2.d4 d5 3.Nc3 Bb4 4.e5 b6 5.a3 Bf8 6.Nf3 Qd7 7.b4 c5 8.bxc5 bxc5
9.Bb5 Nc6 10.O-O Bb7 11.Be3 c4 12.Ne2 Nge7 13.c3 Nf5 14.Qd2 f6 15.exf6 gxf6
16.Ng3 Nd6 17.Ba4 h5 18.Nh4 Qg7 19.Bd1 O-O-O 20.Rb1 Be7 21.Bf4 f5 22.Nf3 h4
23.Ne2 Rhg8 24.Ne1 Ne4 25.Qb2 Bg5 26.Ba4 Bxf4 27.Bxc6 Bxh2+ 28.Kxh2 Qc7+
29.Kh1 Bxc6 30.Nf3 Nf6 31.Ne5 Ng4 32.Qb8+ Qxb8 33.Rxb8+ Kxb8 34.Nxc6+ Kc7
35.Nxd8 Rxd8 36.Nf4 Rd6 37.f3 Nf6 38.Re1 Kd7 39.Rb1 Rb6 40.Rxb6 axb6 41.Kh2  1/2-1/2

[Event "2nd Livigno Open A"]
[Site "Livigno ITA"]
[Date "2011.09.14"]
[Round "4.17"]
[White "Schwartz,Y"]
[Black "Naumkin,I"]
[Result "1/2-1/2"]
[WhiteElo "2252"]
[BlackElo "2473"]

1.e4 e6 2.d4 d5 3.Nc3 Bb4 4.e5 Ne7 5.Bd2 b6 6.Nce2 Bxd2+ 7.Qxd2 Ba6 8.Nf4 Bxf1
9.Kxf1 c5 10.Nf3 cxd4 11.Nxd4 O-O 12.Ndxe6 fxe6 13.Nxe6 Qc8 14.Nxf8 Qxf8
15.h4 Nbc6 16.Re1 Qf5 17.e6 Rf8 18.Rh3 Qg4 19.Kg1 h6 20.c3 Rf6 21.Ree3 Rxe6
22.Rhg3 Qf5 23.Rxe6 Qxe6 24.h5 Ne5 25.Qe2 Qf5 26.Re3 N7c6 27.Rg3 Kh7 28.Qd1 Qf7
29.Qc2+ Kh8 30.Qe2 Qf5 31.Qd1 Nd7 32.Rf3 Qe6 33.Re3 Qf7 34.Qe2 Nf6 35.Re6 Qd7
36.Re3 Kg8 37.b4 Kf7 38.Rf3 Qd6 39.Rf5 Qe6 40.Qf3 d4 41.Rf4 Kg8 42.b5 Ne5
43.Qa8+ Kh7 44.cxd4 Neg4 45.g3 Qxa2 46.Qc8 Qb1+ 47.Kg2 Qxb5 48.Rxg4 Nxg4
49.Qxg4 Qc6+ 50.Kg1 a5 51.Qf5+ Kg8 52.d5 Qd6 53.Qc8+ Kf7 54.Qf5+ Ke7 55.Qe4+ Kd8
56.Qd4 Qf6 57.Qc4 Qd6 58.Qd4 Qf6 59.Qc4 Kd7 60.Qb5+ Kc7 61.Qa6 Kb8 62.Qb5 Kc7
63.Qa6 Qa1+ 64.Kg2 Qd4 65.Qa8 Qc5 66.Kg1 Kd6 67.Qd8+ Ke5 68.Qd7 Qd6 69.Qxg7+ Kxd5
70.Qf7+ Qe6 71.Qf3+ Kc4 72.Qf4+ Kc5 73.g4 Qd6 74.Qe3+ Kc6 75.g5 Qd1+ 76.Kg2 Qxh5
77.Qe6+ Kc5 78.gxh6 a4 79.Qe7+ Kd4 80.Qg7+ Ke4 81.h7 Qf3+ 82.Kg1 Qd1+ 83.Kh2 Qh5+
84.Kg1 Qd1+ 85.Kg2 Qf3+ 86.Kh2 Qh5+ 87.Kg3 Qf3+ 88.Kh4 Qxf2+ 89.Qg3 Qf6+
90.Kh5 Qf5+ 91.Kh6 Qf8+ 92.Qg7 Qf4+ 93.Qg5 Qf8+ 94.Kh5 a3 95.Qg4+ Ke5 96.Qg5+ Ke4
97.Qg6+ Ke5 98.Qg5+ Ke4 99.Qh4+ Kd5 100.Qh1+ Kd6 101.Qd1+ Kc7 102.Qd4 Qf7+
103.Kh6 Qe6+ 104.Kg5 Qe7+ 105.Kg6 Qe6+ 106.Kg7  1/2-1/2

[Event "ch-Euro Youth g18"]
[Site "Albena BUL"]
[Date "2011.09.15"]
[Round "5.8"]
[White "Guliyeva,S"]
[Black "Varga,Kl"]
[Result "1-0"]
[WhiteElo "2007"]
[BlackElo "2183"]

1.e4 e6 2.d4 d5 3.Nc3 Bb4 4.e5 Ne7 5.a3 Bxc3+ 6.bxc3 b6 7.Qg4 Ng6 8.h4 h5
9.Qg3 Ba6 10.Ne2 Rh7 11.Nf4 Bxf1 12.Nxe6 Qd7 13.Ng5 Bxg2 14.Rg1 Rh8 15.Rxg2 Qf5
16.Bd2 Qg4 17.e6 fxe6 18.Qxc7 Qf5 19.Qb7 Nd7 20.Qxa8+ Ke7 21.Qc6 Nxh4 22.Rg3 Rf8
23.O-O-O  1-0

[Event "2nd Livigno Open A"]
[Site "Livigno ITA"]
[Date "2011.09.17"]
[Round "8.3"]
[White "Svetushkin,D"]
[Black "Dgebuadze,A"]
[Result "1-0"]
[WhiteElo "2594"]
[BlackElo "2544"]

1.e4 e6 2.d4 d5 3.Nc3 Bb4 4.e5 Ne7 5.a3 Bxc3+ 6.bxc3 c5 7.Qg4 O-O 8.Bd3 Nbc6
9.Qh5 Ng6 10.Nf3 Qc7 11.Be3 c4 12.Bxg6 fxg6 13.Qg4 Qf7 14.Ng5 Qe8 15.h4 h6
16.Nh3 Bd7 17.Qe2 b5 18.g4 Ne7 19.h5 gxh5 20.g5 hxg5 21.Nxg5 g6 22.Kd2 a5
23.Rag1 Rf5 24.Nf3 Qf8 25.Nh4 Qg7 26.Bg5 Rxg5 27.Rxg5 b4 28.Rhg1 Qh6 29.Qe3 Kh7
30.Nxg6 Nf5 31.Qf3 Rg8 32.Kd1 Be8 33.Rxh5 Bxg6 34.Rxh6+ Nxh6 35.Kc1 Be4 36.Qd1 Rxg1
37.Qxg1 bxa3 38.Qg5 Bf5 39.Kb1 Nf7 40.Qe7 Kg8 41.Ka2 Nh8 42.Kxa3 Ng6 43.Qf6 Nf8
44.Ka4 Bxc2+ 45.Kxa5 Bf5 46.Kb5 Bg6 47.Kc6 Bf7 48.Kd6 Nh7 49.Qh6 Kh8 50.Ke7 Bg8
51.Qg6  1-0

[Event "ch-Euro Youth b16"]
[Site "Albena BUL"]
[Date "2011.09.18"]
[Round "7.29"]
[White "Draskovic,L"]
[Black "Papasimakopoulos,Vasilios"]
[Result "1-0"]
[WhiteElo "2153"]
[BlackElo "1656"]

1.e4 e6 2.d4 d5 3.Nc3 Bb4 4.e5 Ne7 5.a3 Bxc3+ 6.bxc3 c5 7.Qg4 cxd4 8.cxd4 Qc7
9.Ra2 Qa5+ 10.Bd2 Qb6 11.Ra1 Nf5 12.c3 Qb2 13.Qd1 Nc6 14.Bd3 b6 15.Nf3 Na5
16.O-O Nc4 17.Bxc4 dxc4 18.a4 Bd7 19.Qe2 Qc2 20.Rfc1 Qd3 21.Qxd3 cxd3 22.Ne1 O-O
23.Nxd3 Rac8 24.f3 Bc6 25.Kf2 Bd5 26.Rcb1 Bc4 27.Nb2 Ba6 28.a5 b5 29.Nd3 Rfd8
30.g4 Nxd4 31.cxd4 Rxd4 32.Ke3 Rcd8 33.Ra3 b4 34.Nxb4 Rxd2 35.Nxa6 g5 36.Rb8 Rxb8
37.Nxb8 Rxh2 38.Nc6 h5 39.gxh5 g4 40.Kf4 gxf3 41.Rxf3 Rxh5 42.Ra3 f6 43.exf6 Kf7
44.Nxa7 Kxf6 45.Nc6 e5+ 46.Kg4 Rg5+ 47.Kh4 Rg8 48.a6  1-0

[Event "24th Moratalaz Open"]
[Site "Madrid ESP"]
[Date "2011.09.20"]
[Round "6.5"]
[White "Roa Alonso,S"]
[Black "Gonzalez Mateos,R"]
[Result "1-0"]
[WhiteElo "2420"]
[BlackElo "2186"]

1.e4 e6 2.d4 d5 3.Nc3 Bb4 4.e5 Ne7 5.a3 Bxc3+ 6.bxc3 c5 7.Nf3 Nbc6 8.a4 Qa5
9.Bd2 c4 10.g3 Bd7 11.h4 O-O-O 12.h5 h6 13.Bh3 f6 14.Qe2 fxe5 15.Nxe5 Nxe5
16.Qxe5 Nc6 17.Qxg7 Rhg8 18.Qxh6 e5 19.Bxd7+ Rxd7 20.O-O exd4 21.cxd4 Qd8
22.c3 Rh8 23.Qg6 Rg8 24.Qe6 Kb8 25.h6 Ka8 26.Rae1 Rd6 27.Qh3 a6 28.Kg2 Ka7
29.Re6 Rd7 30.Rfe1 Rh7 31.Qf5 Rgh8 32.Bg5 Qa5 33.Bf6 Rxh6 34.Bxh8 Rxh8 35.Rxc6  1-0

[Event "Campomanes Mem GM"]
[Site "Yangon MYA"]
[Date "2011.09.23"]
[Round "2"]
[White "Htun Htun Than"]
[Black "Nguyen Van Hai"]
[Result "1/2-1/2"]
[WhiteElo "2363"]
[BlackElo "2240"]

1.e4 e6 2.d4 d5 3.Nc3 Bb4 4.e5 b6 5.Qg4 Bf8 6.h4 Qd7 7.h5 h6 8.Qd1 Ne7 9.Nce2 Ba6
10.Nf3 c5 11.c3 Nbc6 12.g4 f6 13.Nf4 Bxf1 14.Kxf1 fxe5 15.dxe5 O-O-O 16.b4 cxb4
17.cxb4 Nxb4 18.Nd4 Nec6 19.Ndxe6 Re8 20.a3 Na6 21.Nxf8 Rhxf8 22.e6 Qd6 23.Qxd5 Qxd5
24.Nxd5 Rxe6 25.Ne3 Nc5 26.Kg2 Ne5 27.Ra2 Ncd3 28.Rc2+ Kb7 29.Bb2 Nf3 30.Kg3 Nfe1
31.Re2 Rf3+ 32.Kh2 Rxf2+ 33.Rxf2 Nxf2 34.Rxe1 Rxe3 35.Rxe3 Nxg4+ 36.Kh3 Nxe3
37.Bxg7 Kc6 38.Bxh6 Nf5 39.Bf8 Kd7 40.h6 Nxh6 41.Bxh6 Kc6  1/2-1/2

[Event "Sub-Zonal 2.3.4 2011"]
[Site "Pereira COL"]
[Date "2011.09.27"]
[Round "7"]
[White "Arenas,D"]
[Black "Castro,O"]
[Result "1-0"]
[WhiteElo "2426"]
[BlackElo "2382"]

1.e4 e6 2.d4 d5 3.Nc3 Bb4 4.e5 Qd7 5.Qg4 f5 6.Qh5+ Qf7 7.Qd1 b6 8.a3 Bxc3+
9.bxc3 Ne7 10.Nh3 Nbc6 11.a4 Na5 12.Nf4 Bb7 13.Bb5+ Nec6 14.Qe2 O-O-O 15.h4 g6
16.Ba3 h6 17.Bb4 Kb8 18.Ra2 Nc4 19.a5 g5 20.Nd3 f4 21.axb6 cxb6 22.Nb2 Nxb4
23.cxb4 Rc8 24.Rh3 Qe7 25.Nd3 gxh4 26.c3 Rcf8 27.Qg4 Rhg8 28.Qxh4 Qxh4 29.Rxh4 Rxg2
30.Nxf4 Rg1+ 31.Ke2 Bc8 32.Bxc4 dxc4 33.Ke3 Re1+ 34.Ne2 Rd1 35.Nf4 Bb7 36.Rxh6 Re1+
37.Kd2 Rf1 38.Ke2 Rc1 39.Kd2 Rf1 40.Ke2 Rc1 41.Rf6 Rh8 42.Kd2 Rhh1 43.Nxe6 Rcd1+
44.Ke3 Rd3+ 45.Ke2 Rh8 46.Rc2 Bd5 47.Rc1 Be4 48.Rf8+ Rxf8 49.Nxf8 Bd5 50.e6 Kc7
51.Ng6 Rf3 52.e7  1-0

[Event "TCh-MNE 1st League"]
[Site "Tivat MNE"]
[Date "2011.10.08"]
[Round "6.4"]
[White "Roganovic,Milo"]
[Black "Drasko,M"]
[Result "1/2-1/2"]
[WhiteElo "2480"]
[BlackElo "2478"]

1.e4 e6 2.d4 d5 3.Nc3 Bb4 4.e5 b6 5.a3 Bf8 6.Nf3 Ne7 7.b4 a6 8.Bd3 c5 9.O-O Ng6
10.bxc5 bxc5 11.Na4 cxd4 12.Bxg6 hxg6 13.Qxd4 Bd7 14.Nb2 Nc6 15.Qf4 f6 16.Nd3 g5
17.Qg3 Kf7 18.h4 gxh4 19.Nxh4 Nxe5 20.Nxe5+ fxe5 21.Ng6 Rh7 22.Bg5 Qe8 23.Nxe5+ Kg8
24.Qg4 Bd6 25.Bf4  1/2-1/2

[Event "TCh-AUT 2 Ost 2011-12"]
[Site "Bruck AUT"]
[Date "2011.10.15"]
[Round "1"]
[White "Alvir,A"]
[Black "Vitouch,A"]
[Result "1-0"]
[WhiteElo "2354"]
[BlackElo "2277"]

1.e4 e6 2.d4 d5 3.Nc3 Bb4 4.e5 b6 5.a3 Bf8 6.Qg4 Qd7 7.a4 Nc6 8.Qd1 Bb7 9.Na2 Nge7
10.c3 Nf5 11.Nf3 Be7 12.g4 Nh4 13.Nxh4 Bxh4 14.g5 Ne7 15.Bd3 Ng6 16.a5 f6
17.a6 Bc6 18.Nb4 Bb5 19.gxf6 gxf6 20.exf6 Bxf6 21.Be3 O-O-O 22.Bxb5 Qxb5
23.Qe2 Qxe2+ 24.Kxe2 Kd7 25.Rag1 Rhg8 26.Rg3 Rgf8 27.Rh3 Rf7 28.Nd3 Kc6 29.Rh5 Kb5
30.Ra1 Kc6 31.Kd2 Re8 32.Re1 Kd7 33.Rg1 e5 34.dxe5 Nxe5 35.Nxe5+ Rxe5 36.Rh6 c5
37.Rg4 Rf5 38.Kd3 Be7 39.Rg8 R5f6 40.Ra8 Bd6 41.Rxa7+ Bc7 42.Rxf6 Rxf6 43.Ra8  1-0

[Event "TCh-AUT 2 Ost 2011-12"]
[Site "Bruck AUT"]
[Date "2011.10.15"]
[Round "1"]
[White "Geismann,B"]
[Black "Hagara,E"]
[Result "0-1"]
[WhiteElo "2125"]
[BlackElo "2388"]

1.e4 e6 2.d4 d5 3.Nc3 Bb4 4.e5 Ne7 5.Bd2 Nbc6 6.Bb5 O-O 7.Nce2 Bxd2+ 8.Qxd2 f6
9.f4 Bd7 10.Nf3 Nxe5 11.dxe5 Bxb5 12.exf6 Rxf6 13.O-O-O c5 14.Rhe1 Ng6 15.Nc3 Qb6
16.g3 Bc6 17.Ng5 Nf8 18.f5 Rxf5 19.Nxe6 d4 20.Nxg7 dxc3 21.Qxc3 Rf3 22.Qc4+ Kh8
23.Qg4 Qc7 24.Nf5 Qf7 25.Re7 Qg6 26.Rxh7+ Qxh7  0-1

[Event "TCh-AUT 2 Ost 2011-12"]
[Site "Bruck AUT"]
[Date "2011.10.16"]
[Round "2"]
[White "Maros,M"]
[Black "Dzierzenga,Stefan"]
[Result "1-0"]
[WhiteElo "2336"]
[BlackElo "2215"]

1.e4 e6 2.d4 d5 3.Nc3 Bb4 4.e5 Ne7 5.a3 Bxc3+ 6.bxc3 b6 7.a4 Ba6 8.Bxa6 Nxa6
9.Qe2 Nb8 10.Nf3 Nbc6 11.O-O O-O 12.Ba3 Na5 13.Nd2 Qd7 14.f4 Rac8 15.Bb4 Nb7
16.Bxe7 Qxe7 17.g4 f5 18.exf6 Rxf6 19.c4 Qd6 20.Rf3 Rcf8 21.Raf1 c5 22.c3 Qd7
23.cxd5 exd5 24.f5 cxd4 25.cxd4 Re8 26.Re3 Rff8 27.Re1 Nd6 28.Re6 Rd8 29.Qd1 Nc4
30.Re7 Qd6 31.Rxa7 Rfe8 32.Nf1 Qb4 33.Rxe8+ Rxe8 34.Qf3 Ne3 35.Nxe3 Qxd4
36.Qxd5+  1-0

[Event "49th ch-IND NatA"]
[Site "Aurangabad IND"]
[Date "2011.10.18"]
[Round "10"]
[White "Shashikant,K"]
[Black "Kamble,V"]
[Result "1-0"]
[WhiteElo "2300"]
[BlackElo "2449"]

1.e4 e6 2.d4 d5 3.Nc3 Bb4 4.e5 b6 5.a3 Bf8 6.Bb5+ c6 7.Ba4 a5 8.Nf3 Ne7 9.O-O Nd7
10.Re1 b5 11.Bb3 Rb8 12.Ne2 c5 13.c3 c4 14.Bc2 Nc6 15.Nf4 Nb6 16.Nh5 h6 17.Nd2 Kd7
18.f4 Kc7 19.b3 g6 20.Nf6 h5 21.bxc4 bxc4 22.Nf3 Be7 23.Rb1 Qf8 24.a4 Na7
25.Be3 Qg7 26.f5 gxf5 27.Bxf5 Bb7 28.Bc2 Nd7 29.Qd2 Bc6 30.Rxb8 Kxb8 31.Nxd7+ Bxd7
32.Bg5 Bxg5 33.Qxg5 Rg8 34.h4 Nc8 35.Qxg7 Rxg7 36.Ng5 Nb6 37.Ra1 Kc7 38.Kf2 Kd8
39.Ke3 Bc6 40.Bd1 Ke7 41.Bxh5 Bxa4 42.g4 Rg8 43.Nxf7 Bd7 44.Rxa5 Na4 45.g5 Nxc3
46.Nh6 Rh8 47.Bg6 Rb8 48.Bh7 Rb3 49.Ng8+ Kf7 50.Nf6 Nb5+ 51.Kf4 Bc6 52.h5 Nxd4
53.h6 Ke7 54.Ra7+ Bb7 55.Bg6 Kf8 56.Nd7+ Kg8 57.Nc5 Rf3+ 58.Kg4 Bc8 59.Bh7+ Kh8
60.g6 Nc6 61.Rc7 Nxe5+ 62.Kh5 Rf5+ 63.Kh4 Nxg6+ 64.Bxg6 Rf8 65.Bf7 c3 66.Nd3 Ba6
67.Ne5 c2 68.Ng6+ Kh7 69.Nxf8+ Kxh6 70.Bxe6 Bd3 71.Bxd5 Bf5 72.Ne6  1-0

[Event "TCh-SUI 2011"]
[Site "Lausanne SUI"]
[Date "2011.10.23"]
[Round "9.4"]
[White "Nuri,Kam"]
[Black "Duratti,L"]
[Result "0-1"]
[WhiteElo "2300"]
[BlackElo "2236"]

1.e4 e6 2.d4 d5 3.Nc3 Bb4 4.e5 b6 5.Qg4 Bf8 6.h4 Qd7 7.h5 h6 8.Rh3 Nc6 9.Be3 Bb7
10.a3 O-O-O 11.f4 Kb8 12.Bd3 Nge7 13.Bf2 Nf5 14.Nge2 Rg8 15.Qf3 g6 16.g4 Nfe7
17.Ng3 Bc8 18.b4 Bg7 19.Qe2 Rdf8 20.Rb1 Qe8 21.a4 f6 22.a5 fxe5 23.fxe5 gxh5
24.Nxh5 Ng6 25.Be3 Qf7 26.axb6 axb6 27.Na4 Bb7 28.Ba6 Bxe5 29.dxe5 Ngxe5
30.Bxb7 Kxb7 31.b5 Na5 32.Bxh6 Rxg4 33.Bxf8 Rg1+ 34.Kd2 Rxb1 35.Bg7 Nec4+
36.Kc3 Nd6 37.Qf3 Nxb5+ 38.Kd2 Qg6 39.Rh4 Qg1 40.Nb2 Qc1+ 41.Kd3 Rxb2 42.Bxb2 Qxb2
43.Kd2 Nd6 44.Qd3 Qe5 45.Rh3 Nac4+  0-1

[Event "1st Central Asia Cup"]
[Site "Tashkent UZB"]
[Date "2011.10.23"]
[Round "6.15"]
[White "Alikulov,Elbek"]
[Black "Primbetov,K"]
[Result "1-0"]
[WhiteElo "2299"]
[BlackElo "2214"]

1.e4 e6 2.d4 d5 3.Nc3 Bb4 4.e5 b6 5.a3 Bf8 6.Nf3 c5 7.Bf4 Ba6 8.Bxa6 Nxa6
9.O-O Ne7 10.Nb5 Ng6 11.Bg5 Qd7 12.c4 h6 13.Be3 Rc8 14.Qa4 Nc7 15.Qxa7 Nxb5
16.Qxd7+ Kxd7 17.cxb5 cxd4 18.Bxd4 Bc5 19.Bc3 Nf4 20.Rfe1 Rc7 21.Kf1 Ra8
22.g3 Ng6 23.a4 Rca7 24.b4 Be7 25.a5 Rc8 26.Bd2 f6 27.exf6 Bxf6 28.Rec1 Rxc1+
29.Rxc1 d4 30.Ke2 Kd6 31.Rc6+ Kd5 32.Rxb6 e5 33.Rc6 e4 34.Nh4 Nxh4 35.Rc5+ Ke6
36.b6 Rf7 37.gxh4 Bxh4 38.a6 Rxf2+ 39.Kd1 e3 40.Be1 Rf1 41.b7 d3 42.Re5+ Kxe5
43.b8=Q+ Kd4 44.Qb6+ Ke4 45.Qb7+ Kd4 46.Qxg7+ Kd5 47.Qg2+  1-0

[Event "26th Le Touquet Open"]
[Site "Le Touquet FRA"]
[Date "2011.10.24"]
[Round "3.12"]
[White "Feryn,A"]
[Black "Leconte,M"]
[Result "0-1"]
[WhiteElo "2062"]
[BlackElo "2294"]

1.e4 e6 2.d4 d5 3.Nc3 Bb4 4.e5 Ne7 5.Qg4 c5 6.a3 Bxc3+ 7.bxc3 O-O 8.Bd3 f5
9.exf6 Rxf6 10.Bg5 Rf7 11.Qh4 h6 12.Bd2 Nbc6 13.Nf3 c4 14.Be2 Qf8 15.O-O Nf5
16.Qh5 Nd6 17.Nh4 Ne4 18.Be1 Ne7 19.g3 Nf6 20.Qe5 g5 21.Ng2 Ne4 22.Bh5 Nc6
23.Bxf7+ Qxf7 24.f3 Nxe5 25.dxe5 Nc5 26.Bf2 b6 27.Bd4 Bd7 28.Ne3 h5 29.h3 Qg6
30.Rab1 Ba4 31.Rf2 Rf8 32.Kh2 Ne4  0-1

[Event "World Youth U16 Ol"]
[Site "Kocaeli TUR"]
[Date "2011.10.25"]
[Round "2.3"]
[White "Burduli,G"]
[Black "Hasenohr,B"]
[Result "1-0"]
[WhiteElo "1898"]
[BlackElo "2155"]

1.e4 e6 2.d4 d5 3.Nc3 Bb4 4.e5 Ne7 5.a3 Bxc3+ 6.bxc3 c5 7.Nf3 Bd7 8.Bd3 c4
9.Be2 Ba4 10.O-O Nbc6 11.Rb1 b6 12.Ng5 h6 13.Nh3 Kd7 14.f4 Qg8 15.Bh5 Qh7
16.Rf2 f6 17.exf6 gxf6 18.f5 Nxf5 19.Nf4 Nd6 20.Qe2 Qe4 21.Qf1 Bxc2 22.Bg6 f5
23.Rb2 Bd3 24.Nxd3 Qxd3 25.Qe1 Rag8 26.Rf3 Qe4 27.Re2 Qg4 28.Rg3 Qh4 29.Be8+ Rxe8
30.Rg7+ Qe7 31.Rxe7+ Rxe7 32.Re3 Ne4 33.Rh3 h5 34.Bf4 Rg7 35.Re3 Rhg8 36.Re2 Rg4
37.Bd2 f4 38.h3 Rg3 39.Bxf4 Rxh3 40.Rxe4 dxe4 41.Qxe4 Ne7 42.Qb7+ Ke8 43.Bd6 Nd5
44.Qc8+ Kf7 45.Qd7+ Kf6 46.Be5+ Kf5 47.Qf7+ Nf6 48.Bxf6 Rg4 49.Bh4+ Ke4 50.Qh7+ Ke3
51.Bf2+ Kd2 52.Qb1 Rd3 53.Be1+ Ke2 54.a4 Rd1 55.Qc2+ Kxe1 56.Qf2+  1-0

[Event "29th Muensterland Open"]
[Site "Senden GER"]
[Date "2011.10.26"]
[Round "7.7"]
[White "Van der Weide,K"]
[Black "Pienski,O"]
[Result "1-0"]
[WhiteElo "2449"]
[BlackElo "2090"]

1.e4 e6 2.d4 d5 3.Nc3 Bb4 4.e5 Ne7 5.a3 Bxc3+ 6.bxc3 c5 7.Nf3 Nbc6 8.Be2 Qa5
9.O-O Bd7 10.a4 O-O-O 11.Ba3 c4 12.Qd2 f6 13.Rfe1 Rdf8 14.Bf1 Rf7 15.exf6 gxf6
16.g3 Re8 17.Bg2 Qc7 18.Qh6 Nf5 19.Qd2 Nd6 20.Nh4 Ne7 21.Qf4 Ndf5 22.Nxf5 Nxf5
23.Qxc7+ Kxc7 24.Bc1 Kc6 25.Bf3 Rg7 26.Bf4 Nh4 27.Bh1 Ng6 28.Bh6 Rge7 29.Red1 Kc7
30.h4 Rg8 31.Kh2 Be8 32.Re1 Kd6 33.h5 Nf8 34.Bc1 Kc6 35.Rb1 Nd7 36.Rb5 a6
37.Rxe6+  1-0

[Event "1st Central Asia Cup"]
[Site "Tashkent UZB"]
[Date "2011.10.26"]
[Round "9.14"]
[White "Primbetov,K"]
[Black "Aitbayev,A"]
[Result "1-0"]
[WhiteElo "2214"]
[BlackElo "2391"]

1.e4 e6 2.d4 d5 3.Nc3 Bb4 4.e5 Ne7 5.Nf3 c5 6.a3 Bxc3+ 7.bxc3 b6 8.Bb5+ Bd7
9.a4 Bxb5 10.axb5 Qd7 11.Qe2 c4 12.Ba3 Qxb5 13.O-O Qd7 14.Ng5 h6 15.Nh3 Nbc6
16.Qg4 Nf5 17.Nf4 g6 18.Qf3 h5 19.Nh3 O-O-O 20.Ng5 h4 21.Qf4 Rh5 22.h3 Rdh8
23.Rfb1 Kb7 24.Bc5 Qc7 25.Qc1 Kc8 26.Ba3 Rg8 27.Kf1 Rg7 28.Bf8 Rg8 29.Ba3 Rhh8
30.Qb2 Rh5 31.Nf3 g5 32.Nh2 f6 33.exf6 Qxh2 34.f7 Rd8 35.Bc5 Qh1+ 36.Ke2 Qxg2
37.Qb5 Ng3+ 38.Ke3 Qe4+ 39.Kd2 Qf4+ 40.Kd1 Qf3+ 41.Kc1 Qf4+ 42.Kb2 Qxf7 43.Qxc6+ Qc7
44.Qxc7+ Kxc7 45.Rxa7+ Kc6 46.Kc1 bxc5 47.fxg3 hxg3 48.Rab7 cxd4 49.cxd4  1-0

[Event "US Chess League 2011"]
[Site "ICC INT"]
[Date "2011.10.31"]
[Round "10"]
[White "Rodriguez,Er"]
[Black "Sadorra,J"]
[Result "0-1"]
[WhiteElo "2337"]
[BlackElo "2490"]

1.e4 e6 2.d4 d5 3.Nc3 Bb4 4.e5 Ne7 5.Qg4 Ng6 6.h4 h5 7.Qg3 c5 8.a3 Bxc3+
9.bxc3 Qa5 10.Bd2 Nc6 11.Bd3 Nce7 12.dxc5 b6 13.cxb6 Qxb6 14.Nf3 Ba6 15.Nd4 Bxd3
16.cxd3 Qb8 17.f4 Qb2 18.Rd1 Qxa3 19.O-O Nf5 20.Nxf5 exf5 21.e6 Qe7 22.exf7+ Kxf7
23.Qf3 Qd7 24.Be1 a5 25.Bf2 a4 26.g3 Ne7 27.Bc5 Nc6 28.c4 Ra5 29.Bb6 Ra6
30.Bc5 Ra5 31.Bb6 Ra6 32.Rb1 a3 33.cxd5 a2 34.Rbc1 Ne7 35.Bd4 Qxd5 36.Qxd5+ Nxd5
37.Ba1 Ra5 38.Rf2 Rb8 39.Rfc2 Rb3 40.Rd2 Rb1 41.Rdd1 Rab5 42.Kf2 Rxc1 43.Rxc1 Rb1
44.Rf1 Nb4 45.Ke2 Nc2 46.Bc3 Rxf1 47.Kxf1 a1=Q+ 48.Bxa1 Nxa1 49.Ke2 Nb3 50.Ke3 Ke6
51.d4 Kd5 52.Kf3 Kxd4 53.Kg2 Ke3 54.Kh3 Kf3  0-1

[Event "1st Panama Open"]
[Site "Panama City PAN"]
[Date "2011.11.05"]
[Round "6.7"]
[White "Barrientos,S"]
[Black "Pozo Vera,S"]
[Result "0-1"]
[WhiteElo "2517"]
[BlackElo "2495"]

1.e4 e6 2.d4 d5 3.Nc3 Bb4 4.e5 Ne7 5.a3 Bxc3+ 6.bxc3 c5 7.Qg4 cxd4 8.Qxg7 Rg8
9.Qxh7 Qc7 10.Ne2 Nbc6 11.f4 dxc3 12.Qd3 d4 13.Nxd4 Nxd4 14.Qxd4 Bd7 15.Rg1 Nf5
16.Qf2 Qc6 17.Bd3 Qd5 18.Be3 Nxe3 19.Qxe3 Rxg2 20.Rxg2 Qxg2 21.Be4 Qxh2 22.O-O-O Bc6
23.Bxc6+ bxc6 24.Qc5 Qxf4+ 25.Kb1 Qa4 26.Qxc3 Rd8  0-1

[Event "1st Panama Open"]
[Site "Panama City PAN"]
[Date "2011.11.06"]
[Round "8.8"]
[White "Barrientos,S"]
[Black "Prasca Sosa,R"]
[Result "1-0"]
[WhiteElo "2517"]
[BlackElo "2431"]

1.e4 e6 2.d4 d5 3.Nc3 Bb4 4.e5 b6 5.Bd2 Bf8 6.Nf3 Qd7 7.Bb5 c6 8.Ba4 a5 9.a3 Ba6
10.Ne2 Bc4 11.c3 b5 12.Bc2 a4 13.O-O Qb7 14.Re1 h6 15.Nf4 Ne7 16.h4 Nd7 17.h5 Nb6
18.Nh2 O-O-O 19.Ng4 Kb8 20.Ne3 Nec8 21.Nd3 Be7 22.f4 Bxd3 23.Bxd3 Rdg8 24.f5 Bg5
25.Rf1 Rf8 26.Ng4 exf5 27.Rxf5 Ne7 28.Rf1 Nc4 29.Bxg5 hxg5 30.Bxc4 dxc4 31.h6 gxh6
32.Nf6 Qc8 33.Qh5 Qe6 34.Rae1 Kc7 35.Ne4 Nd5 36.Nc5 Qe7 37.Qh2 Kb6 38.Qh3 Nf4
39.Qd7 Qd8 40.g3 Nd3 41.Re3 Nxc5 42.dxc5+ Kxc5 43.Qxd8 Rxd8 44.Rxf7 Rhf8
45.e6 Rde8 46.Rd7 b4 47.axb4+  1-0

[Event "Umada Cup 2011"]
[Site "Hastings BAR"]
[Date "2011.11.09"]
[Round "2"]
[White "Joseph,M"]
[Black "Warner,De"]
[Result "0-1"]
[WhiteElo "2182"]
[BlackElo "2249"]

1.e4 e6 2.d4 d5 3.Nc3 Bb4 4.e5 Ne7 5.a3 Bxc3+ 6.bxc3 c5 7.h4 Qa5 8.Bd2 Qa4
9.Nf3 Nbc6 10.h5 h6 11.Bd3 c4 12.Bf1 Bd7 13.g3 O-O-O 14.Bh3 g6 15.Ra2 Rdf8
16.O-O g5 17.Nh2 f5 18.exf6 Ng8 19.Re1 Nd8 20.Ng4 Nxf6 21.Ne5 Be8 22.g4 Rhg8
23.Bg2 Nc6 24.Rb2 Nxe5 25.Rxe5 Qc6 26.a4 Bd7 27.a5 Qa6 28.Rb1 Qxa5 29.Ra1 Qb6
30.Bc1 a6 31.Ba3 Re8 32.Qe2 Qc6 33.Bc5 b5 34.f3 Kb7 35.Qe1 Bc8 36.Bb4 Nd7
37.Re2 Nb6 38.Qg3 Na4 39.Rae1 Kb6 40.f4 a5 41.Ba3 gxf4 42.Qxf4 Nxc3 43.Bc5+ Ka6
44.Bxd5 exd5 45.Rxe8 Rxe8 46.Rxe8 Qxe8 47.Qxh6+ Qe6 48.Qxe6+ Bxe6 49.h6 Bg8
50.Ba3 b4 51.Bc1 b3 52.cxb3 cxb3  0-1

[Event "23rd Leuven Open"]
[Site "Leuven BEL"]
[Date "2011.11.10"]
[Round "1.1"]
[White "Gijsen,S"]
[Black "Dgebuadze,A"]
[Result "1-0"]
[WhiteElo "2111"]
[BlackElo "2546"]

1.e4 e6 2.d4 d5 3.Nc3 Bb4 4.e5 Ne7 5.a3 Bxc3+ 6.bxc3 c5 7.Qg4 O-O 8.Bd3 Nbc6
9.Qh5 Ng6 10.Nf3 Qc7 11.Be3 c4 12.Bxg6 fxg6 13.Qg4 Qf7 14.Kd2 h6 15.h4 Bd7
16.Rab1 Rab8 17.Ng1 b5 18.Rh3 Ne7 19.h5 g5 20.Ne2 Nf5 21.Rf1 Qe7 22.f4 Qxa3
23.fxg5 Qe7 24.gxh6 b4 25.Bg5 bxc3+ 26.Nxc3 Qf7 27.Ne2 Kh7 28.hxg7 Qxg7 29.h6 Qg8
30.Ra1 Rb7 31.Rha3 Rf7 32.Rxa7 c3+ 33.Nxc3 Rxa7 34.Rxa7 Nxd4 35.Nxd5 exd5
36.Rxd7 Rxd7 37.Qxd7+ Kg6 38.Bf6 Nf5 39.h7 Qxh7 40.Qxh7+ Kxh7 41.Kd3 Kg6
42.g4 Nh6 43.g5 Nf5 44.e6 d4 45.Ke4 Ne3 46.Kxd4 Nxc2+ 47.Kc5 Ne3 48.e7 Kf7
49.g6+  1-0